Linear programming /
Guardado en:
| Autor Principal: | |
|---|---|
| Formato: | Libro |
| Idioma: | English |
| Publicado: |
New York :
W.H. Freeman,
c1983.
|
| Series: | A Series of books in the mathematical sciences
|
| Materias: | |
| Etiquetas: |
Agregar Etiqueta
Sin Etiquetas, Sea el primero en etiquetar este registro!
|
| LEADER | 00749pam a2200241 a 4500 | ||
|---|---|---|---|
| 001 | MAT.inmabb006077 | ||
| 008 | 821201s1983####nyua#####b####001#0#eng## | ||
| 005 | 20130313151239.0 | ||
| 245 | 1 | 0 | |a Linear programming / |c Vasek Chvátal. |
| 260 | |a New York : |b W.H. Freeman, |c c1983. | ||
| 300 | |a xiii, 478 p. : |b il. ; |c 24 cm. | ||
| 440 | 2 | |a A Series of books in the mathematical sciences | |
| 504 | |a Bibliografía: p. 455-464. | ||
| 500 | |a Incluye índice. | ||
| 510 | 4 | |a MR, |c 86g:90062 | |
| 020 | |a 0716711958 (pbk.) | ||
| 020 | |a 0716715872 (pbk. : cover) | ||
| 100 | 1 | |a Chvátal, Vasek, |d 1946- | |
| 650 | 0 | |a Linear programming. | |
| 084 | |a 90C05 |2 msc2000 | ||
| 010 | |a 82021132 | ||
| 040 | |a DLC |c DLC |d DLC | ||
| 859 | |h 90 |i C564 |p A-6792 |b BIB. MATEMATICA | ||
